[Event "TUR Cup"]
[Site "Antalya"]
[Date "2017.02.03"]
[Round "10"]
[White "Dorum, Doga Can"]
[Black "Hazar, Battal"]
[Result "0-1"]
[WhiteElo "1661"]
[BlackElo "1313"]
[PlyCount "94"]
[EventDate "2017.01.28"]
[EventType "swiss"]
[EventRounds "11"]
[EventCountry "TUR"]
[SourceTitle "CBM 176 Extra"]
[Source "ChessBase"]
[SourceDate "2017.03.02"]
[SourceVersion "1"]
[SourceVersionDate "2017.03.02"]
[SourceQuality "1"]

1. Nf3 Nf6 2. d4 d5 3. e3 c6 4. Bd3 Bg4 5. Nbd2 e6 6. h3 Bh5 7. c3 Nbd7 8. Qb3 Qc7 9. e4 Bg6 10. Qc2 dxe4 11. Nxe4 Nxe4 12. Bxe4 Bxe4 13. Qxe4 Nf6 14. Qc2 h6 15. 0-0 Bd6 16. Re1 0-0 17. Ne5 c5 18. Be3 Nd5 19. Qd2 Bxe5 20. dxe5 Rad8 21. Qc2 Nxe3 22. Rxe3 Rd5 23. f4 Rfd8 24. Re2 Qd7 25. Rf1 Rd2 26. Rxd2 Qxd2 27. Qxd2 Rxd2 28. Rf2 Rd1+ 29. Rf1 Rd2 30. Rf2 Rd1+ 31. Kh2 Kh7 32. Kg3 Kg6 33. Kf3 Kh5 34. g3 b6 35. Kg2 a6 36. c4 Rc1 37. b3 Rd1 38. Re2 Rd3 39. Kf2 Kg6 40. Kg2 Kf5 41. Kf2 Kg6 42. Rb2 a5 43. a3 Rc3 44. b4 Rxc4 45. bxc5 bxc5 46. Kf3 Rc3+ 47. Kg4 Rxa3 0-1